00493nam a2200145Ia 4500008004100000041000800041082001200049100001600061245004500077260003300122300003000155365001100185999001700196952013400213240624s9999 xx 000 0 und d aeng a920 CAI aCAIOLI LUCA aNEYMAR THE MAKING OF BARCELONA S SAMBA S c2014aLondonbIcon Books Ltd avi, : 266 : p. : cm. ; 19 cRSb30 c26803d26803 00104070aIMTNbIMTNcRack 43-Bd2016-03-01eVBCg399.00l2o920 CAIp26803r2026-01-16 16:37:27s2026-01-07t1w2024-06-24yBK